000 01099nam a2200289 4500
003 EC-UNACH
005 20251014135334.0
006 s||||gr|||| 00| 00
008 150116t9999 mx r gr 000 0 spa d
020 _a978-9978-10-043-1
040 _aEC-UNACH
_cEC-UNACH
041 _aspa
082 0 4 _223
_a519.4
_bl011542Abya-
110 _aAbya-Yala
245 _aElementos de calculo numérico
250 _aPrimera edición
264 _aEcuador
_bAbya-Yala
_c2008
300 _a518
505 _a1- Conceptos preliminares 2- Algoritmo, numero , errores y convergencia 3- Ceros o raíces de funciones 4- Sistemas de Ecuaciones lineales 5- Sistema de ecuaciones no lineales 6- Aproximación e interpolación 7- diferenciación e integración numérica 8- Ecuaciones diferenciales ordinarias 9- Ecuaciones diferenciales parciales
650 _aAlgoritmo numero errores y convergencia
700 _aAlex Javier Jerves Cobo
942 _2ddc
_c1
999 _c14002